书目信息 |
| 题名: |
柯林武德自传
|
|
| 作者: | 科林伍德 , Collingwood 著 ;陈静 译 | |
| 分册: | ||
| 出版信息: | 北京 北京大学出版社 2005 |
|
| 页数: | 12,162页 | |
| 开本: | 23cm | |
| 丛书名: | 博雅同文馆 | |
| 单 册: | ||
| 中图分类: | B561.59 | |
| 科图分类: | ||
| 主题词: | 哲学家--传记--英国--现代 , 哲学家 | |
| 电子资源: | ||
| ISBN: | 7-301-08574-5 | |
| 000 | 01201oam2 2200325 450 | |
| 001 | 012007100484 | |
| 005 | 20070522174846.71 | |
| 010 | @a7-301-08574-5@dCNY20.00 | |
| 100 | @a20070515d2005 km y0chiy0120 ea | |
| 101 | 1 | @achi@ceng |
| 102 | @aCN@b110000 | |
| 105 | @ay z 000ya | |
| 106 | @ar | |
| 200 | 1 | @a柯林武德自传@Ake lin wu de zi zhuan@f(英)柯林武德(R.G.Collingwood)著@F(ying)ke lin wu de(R.G.Collingwood)zhu@g陈静译@Gchen jing yi |
| 210 | @a北京@c北京大学出版社@d2005 | |
| 215 | @a12,162页@d23cm | |
| 225 | 2 | @a博雅同文馆@i柯林武德作品系列 |
| 330 | @a本书是英国哲学家,历史学家柯林武德的自传,记叙了他思想的历程。他是一个以思想为毕生事业的人,他在书中讲述了认为值得讲述的事情。 | |
| 461 | 0 | @12001 @a博雅同文馆 |
| 510 | 1 | @aAutobiography@zeng |
| 600 | 1 | @a科林伍德@c(Collingwood,Robin George@f1889~1943)@x自传 |
| 600 | 1 | @a科林伍德@c(Collingwood,Robin George@f1889~1943) |
| 606 | 0 | @a哲学家@x传记@y英国@z现代 |
| 606 | 0 | @a哲学家 |
| 690 | @aB561.59@v4 | |
| 701 | 1 | @c(英)@a科林伍德@Ake lin wu de@bR.G.@4著 |
| 701 | 1 | @c(英)@aCollingwood@bRobin George@4著 |
| 702 | 0 | @a陈静@Achen jing@c(社会科学)@4译 |
| 801 | 0 | @aCN@bRULIN@c20070522 |
| 905 | @dB561.59@e34@s8 | |
| 柯林武德自传/(英)柯林武德(R.G.Collingwood)著/陈静译.-北京:北京大学出版社,2005 |
| 12,162页;23cm.-(博雅同文馆.柯林武德作品系列) |
| ISBN 7-301-08574-5:CNY20.00 |
| 本书是英国哲学家,历史学家柯林武德的自传,记叙了他思想的历程。他是一个以思想为毕生事业的人,他在书中讲述了认为值得讲述的事情。 |
| ● |
| 相关链接 |
|
|
|
|
正题名:柯林武德自传
索取号:B561.59/34
 
预约/预借
| 序号 | 登录号 | 条形码 | 馆藏地/架位号 | 状态 | 备注 |
| 1 | 0579717 | 205797173 | 第一样本阅览室/ [索取号:B561.59/34] | 在馆 | |
| 2 | 0579718 | 205797182 | 第一借阅区/ [索取号:B561.59/34] | 在馆 | |
| 3 | 0579719 | 205797191 | 第一借阅区/ [索取号:B561.59/34] | 在馆 | |
| 4 | 0579720 | 205797208 | 第一借阅区/ [索取号:B561.59/34] | 在馆 | |
| 5 | 0579721 | 205797217 | 第一借阅区/ [索取号:B561.59/34] | 在馆 | |
| 6 | 0579722 | 205797226 | 第一借阅区/ [索取号:B561.59/34] | 在馆 | |
| 7 | 0579723 | 205797235 | 第一借阅区/ [索取号:B561.59/34] | 在馆 | |
| 8 | 0579724 | 205797244 | 第一借阅区/ [索取号:B561.59/34] | 在馆 |